00798nam a22001695i 4500001000700000003000900007005001700016008004100033040002000074110006000094245018000154260006800334300002700402610007100429700002800500852010000528156032ES-MaACL20230906210310.0040923s1873 sp |||| | spa d aCAM bspa cCAM2 aInstituto Provincial de Segunda Enseñanza de Vitoria.10aMemoria acerca del estado del Instituto Provincial de Segunda Enseñanza de Vitoria leida en la apertura del curso académico de 1873 á 1874 / cpor Santiago Moreno y Rey. aVitoria : b[s.n.], c1873 (fImprenta de los hijos de Manteli) a15, [11] p. ; c21 cm.24aInstituto Provincial de Segunda Enseñanza de Vitoria-xMemorias.1 aMoreno y Rey, Santiago. aES-MaACLjT-157-F-9 z-- Enc. hol. q-- Falto de la cub. original z-- Enc. en un vol. facticio